[Event "PMPJ 2022 - C15"]
[Site "Jastrzebia Gora"]
[Date "2022.11.12"]
[Round "2.21"]
[White "Rylski, Tadeusz"]
[Black "Szewczak, Filip"]
[Result "1-0"]
[BlackElo "1118"]
[WhiteElo "1741"]
[LiveChessVersion "1.4.4"]

1. Nf3 {[%clk 1:30:59]} Nf6 {[%clk 1:30:19]} 2. g3 {[%clk 1:31:21]} g6
{[%clk 1:28:53]} 3. Bg2 {[%clk 1:31:34]} Bg7 {[%clk 1:29:21]} 4. O-O
{[%clk 1:31:41]} c5 {[%clk 1:29:35]} 5. d3 {[%clk 1:23:51]} d5 {[%clk 1:24:34]}
6. Nbd2 {[%clk 1:16:49]} O-O {[%clk 1:22:46]} 7. e4 {[%clk 1:12:05]} Bg4
{[%clk 1:18:33]} 8. h3 {[%clk 1:06:25]} Bxf3 {[%clk 1:18:04]} 9. Qxf3
{[%clk 1:06:09]} e6 {[%clk 1:16:42]} 10. exd5 {[%clk 0:58:11]} exd5
{[%clk 1:11:08]} 11. g4 {[%clk 0:44:22]} Nc6 {[%clk 1:01:53]} 12. c3
{[%clk 0:41:13]} Ne5 {[%clk 0:49:41]} 13. Qg3 {[%clk 0:40:26]} Re8
{[%clk 0:37:28]} 14. f4 {[%clk 0:36:46]} Nc6 {[%clk 0:35:46]} 15. Nf3
{[%clk 0:35:20]} Qc7 {[%clk 0:34:10]} 16. Qf2 {[%clk 0:28:03]} b6
{[%clk 0:29:36]} 17. f5 {[%clk 0:15:17]} Rad8 {[%clk 0:21:46]} 18. Bg5
{[%clk 0:12:07]} h6 {[%clk 0:13:00]} 19. Bh4 {[%clk 0:12:13]} Qf4
{[%clk 0:10:42]} 20. fxg6 {[%clk 0:08:47]} fxg6 {[%clk 0:10:41]} 21. Rae1
{[%clk 0:06:54]} g5 {[%clk 0:09:24]} 22. Bg3 {[%clk 0:07:01]} Qa4
{[%clk 0:09:39]} 23. Ne5 {[%clk 0:04:53]} Nxe5 {[%clk 0:06:50]} 24. Bxe5
{[%clk 0:05:52]} Rf8 {[%clk 0:07:47]} 25. Qf5 {[%clk 0:05:02]} Qd7
{[%clk 0:06:13]} 26. Qg6 {[%clk 0:04:26]} Qc6 27. Rf5 {[%clk 0:03:51]} Qe8
{[%clk 0:03:20]} 28. Qxe8 {[%clk 0:02:36]} Nxe8 {[%clk 0:03:22]} 29. Ref1
{[%clk 0:01:13]} Rxf5 {[%clk 0:03:22]} 30. Rxf5 {[%clk 0:01:41]} d4
{[%clk 0:03:28]} 31. c4 {[%clk 0:00:45]} Bxe5 {[%clk 0:02:00]} 32. Rxe5
{[%clk 0:01:14]} Nf6 {[%clk 0:02:30]} 33. Re7 {[%clk 0:01:13]} Nd7
{[%clk 0:00:43]} 34. Bc6 {[%clk 0:01:11]} Nb8 {[%clk 0:00:35]} 35. Bd5+
{[%clk 0:01:33]} Kf8 {[%clk 0:00:47]} 36. Rf7+ {[%clk 0:01:43]} Ke8
{[%clk 0:01:12]} 37. Rxa7 {[%clk 0:02:04]} Nd7 {[%clk 0:01:11]} 38. Bc6
{[%clk 0:02:28]} Ke7 {[%clk 0:01:28]} 39. Kf2 {[%clk 0:01:57]} Kd6
{[%clk 0:01:34]} 40. Rxd7+ {[%clk 0:02:23]} Rxd7 {[%clk 0:02:03]} 41. Bxd7
{[%clk 0:02:42]} Kxd7 {[%clk 0:02:31]} 42. Kf3 {[%clk 0:02:57]} Kc6
{[%clk 0:02:38]} 43. Ke4 {[%clk 0:02:14]} b5 {[%clk 0:02:51]} 44. cxb5+
{[%clk 0:01:47]} Kxb5 {[%clk 0:03:19]} 45. Kd5 {[%clk 0:02:04]} Kb4
{[%clk 0:02:29]} 46. a3+ {[%clk 0:02:33]} 1-0

[Event "PMPJ 2022 - C15"]
[Site "Jastrzebia Gora"]
[Date "2022.11.12"]
[Round "2.22"]
[White "Spytek, Hubert"]
[Black "Grzadka, Artur"]
[Result "1/2-1/2"]
[BlackElo "1687"]
[WhiteElo "1416"]
[LiveChessVersion "1.4.4"]

1. d4 {[%clk 1:30:57]} Nf6 {[%clk 1:30:51]} 2. Nf3 {[%clk 1:31:22]} d5
{[%clk 1:31:07]} 3. c4 {[%clk 1:31:04]} c6 {[%clk 1:31:16]} 4. Nbd2
{[%clk 1:31:26]} g6 {[%clk 1:31:17]} 5. g3 {[%clk 1:31:34]} Bg7 {[%clk 1:31:38]}
6. b3 {[%clk 1:31:48]} Bf5 {[%clk 1:26:29]} 7. Bb2 {[%clk 1:30:47]} Nbd7
{[%clk 1:25:51]} 8. Bg2 {[%clk 1:29:44]} O-O {[%clk 1:25:53]} 9. O-O
{[%clk 1:30:08]} Qa5 {[%clk 1:16:59]} 10. Nh4 {[%clk 1:22:48]} Be6
{[%clk 1:07:46]} 11. Re1 {[%clk 1:20:00]} dxc4 {[%clk 0:56:24]} 12. bxc4
{[%clk 1:17:12]} Nb6 {[%clk 0:50:10]} 13. Qc2 {[%clk 1:15:57]} Na4
{[%clk 0:48:08]} 14. Ba3 {[%clk 1:11:28]} Nd7 {[%clk 0:33:17]} 15. Nhf3
{[%clk 1:08:57]} c5 {[%clk 0:27:40]} 16. e3 {[%clk 0:56:22]} Rac8
{[%clk 0:21:34]} 17. Rab1 {[%clk 0:54:31]} Nab6 {[%clk 0:18:30]} 18. d5
{[%clk 0:47:30]} Bxd5 {[%clk 0:16:45]} 19. cxd5 {[%clk 0:39:23]} Qxa3
{[%clk 0:17:10]} 20. e4 {[%clk 0:36:43]} c4 {[%clk 0:13:23]} 21. Rbc1
{[%clk 0:29:54]} c3 {[%clk 0:09:05]} 22. Nb1 {[%clk 0:29:53]} Qc5
{[%clk 0:08:20]} 23. Qb3 {[%clk 0:24:34]} Qa5 {[%clk 0:03:41]} 24. Rc2
{[%clk 0:23:30]} Nc5 {[%clk 0:02:36]} 25. Qa3 {[%clk 0:23:29]} Nba4
{[%clk 0:01:48]} 26. Bh3 {[%clk 0:10:32]} Rc7 {[%clk 0:01:57]} 27. e5
{[%clk 0:10:37]} b5 {[%clk 0:00:51]} 28. Rd1 {[%clk 0:04:46]} b4 {[%clk 0:00:52]}
29. Qc1 {[%clk 0:05:12]} Nb6 {[%clk 0:00:55]} 30. a3 {[%clk 0:03:27]} Nb3
{[%clk 0:01:09]} 31. axb4 {[%clk 0:03:06]} Qb5 {[%clk 0:01:00]} 32. Qa3
{[%clk 0:03:02]} Rc4 {[%clk 0:00:50]} 33. Qxb3 {[%clk 0:02:35]} Rxb4
{[%clk 0:01:14]} 34. Qa2 {[%clk 0:02:03]} Ra4 {[%clk 0:01:19]} 35. Na3
{[%clk 0:02:16]} Qa5 {[%clk 0:00:42]} 36. Ra1 {[%clk 0:01:48]} Nc4
{[%clk 0:00:49]} 37. Nxc4 {[%clk 0:02:05]} Rxa2 {[%clk 0:01:14]} 38. Raxa2
{[%clk 0:02:34]} Qxd5 {[%clk 0:01:37]} 39. Rxc3 {[%clk 0:02:00]} Rb8
{[%clk 0:00:35]} 40. Rd2 {[%clk 0:01:38]} Qc5 {[%clk 0:00:38]} 41. Rdc2
{[%clk 0:01:30]} Rb1+ {[%clk 0:00:49]} 42. Bf1 {[%clk 0:01:21]} 1/2-1/2

[Event "PMPJ 2022 - C15"]
[Site "Jastrzebia Gora"]
[Date "2022.11.12"]
[Round "2.23"]
[White "Sliz, Karol"]
[Black "Grabowski, Wojciech"]
[Result "1-0"]
[BlackElo "1448"]
[WhiteElo "1678"]
[LiveChessVersion "1.4.4"]

1. e4 d6 2. d4 Nf6 3. Nc3 g6 4. f3 Bg7 5. Be3 O-O 6. Qd2 Nbd7 7. O-O-O c6 8. g4
Qa5 9. h4 b5 10. Kb1 Nb6 11. Bd3 Nc4 12. Bxc4 bxc4 13. Nd5 Qd8 14. Nxf6+ exf6 15.
h5 Rb8 16. c3 Re8 17. hxg6 fxg6 18. Qh2 Kf7 19. Bf4 Rb5 20. Bxd6 Qb6 21. Bc5 Qb7
22. Qe2 Be6 23. Rxh7 Rb8 24. Rd2 a5 25. Bd6 Rd8 26. Ba3 Qd7 27. Rh2 Qc7 28. Qf2
Qf4 29. Nh3 Qc7 30. Qe3 Rh8 31. Qf4 Qc8 32. Qg3 Bh6 33. Rde2 Rg8 34. Nf4 Rh8 35.
Nxe6 Qxe6 36. Qc7+ Ke8 37. Qa7 1-0

[Event "PMPJ 2022 - C15"]
[Site "Jastrzebia Gora"]
[Date "2022.11.12"]
[Round "2.24"]
[White "Bajer, Tomasz"]
[Black "Zawadzki, Bartosz"]
[Result "0-1"]
[BlackElo "1624"]
[WhiteElo "1409"]
[LiveChessVersion "1.4.4"]

1. c4 {[%clk 1:30:57]} Nf6 {[%clk 1:30:51]} 2. g3 {[%clk 1:31:15]} e6
{[%clk 1:31:16]} 3. Bg2 {[%clk 1:31:41]} d5 {[%clk 1:31:39]} 4. Nf3
{[%clk 1:31:19]} c6 {[%clk 1:31:43]} 5. O-O {[%clk 1:31:09]} Be7 {[%clk 1:32:01]}
6. b3 {[%clk 1:29:59]} d4 {[%clk 1:32:01]} 7. Bb2 {[%clk 1:27:06]} c5
{[%clk 1:32:05]} 8. b4 {[%clk 1:26:18]} O-O {[%clk 1:31:00]} 9. d3
{[%clk 1:24:54]} a6 {[%clk 1:30:13]} 10. Nbd2 {[%clk 1:22:45]} Nc6
{[%clk 1:29:52]} 11. bxc5 {[%clk 1:21:04]} Bxc5 {[%clk 1:30:15]} 12. Nb3
{[%clk 1:21:26]} Ba7 {[%clk 1:29:30]} 13. Qd2 {[%clk 1:14:46]} e5
{[%clk 1:29:45]} 14. Ba3 {[%clk 0:50:36]} Re8 {[%clk 1:29:27]} 15. Ng5
{[%clk 0:46:41]} h6 {[%clk 1:23:25]} 16. Ne4 {[%clk 0:46:14]} Nxe4
{[%clk 1:23:28]} 17. Bxe4 {[%clk 0:46:35]} f5 {[%clk 1:20:20]} 18. Bd5+
{[%clk 0:46:35]} Be6 {[%clk 1:20:02]} 19. Bg2 {[%clk 0:46:56]} Rc8
{[%clk 1:04:52]} 20. Rab1 {[%clk 0:44:11]} b6 {[%clk 0:59:52]} 21. Rb2
{[%clk 0:40:41]} Bb8 {[%clk 0:53:45]} 22. Na1 {[%clk 0:39:04]} Na5
{[%clk 0:49:38]} 23. Bb4 {[%clk 0:33:07]} Bd6 {[%clk 0:48:46]} 24. Rfb1
{[%clk 0:27:22]} Bxb4 {[%clk 0:40:38]} 25. Qxb4 {[%clk 0:25:45]} Rb8
{[%clk 0:40:32]} 26. Nb3 {[%clk 0:19:48]} Nxb3 {[%clk 0:39:50]} 27. Qxb3
{[%clk 0:18:21]} e4 {[%clk 0:34:12]} 28. Qa4 {[%clk 0:14:06]} Bc8
{[%clk 0:22:15]} 29. dxe4 {[%clk 0:07:33]} fxe4 {[%clk 0:22:01]} 30. Rxb6
{[%clk 0:05:17]} Rxb6 {[%clk 0:21:28]} 31. Rxb6 {[%clk 0:05:41]} d3
{[%clk 0:20:16]} 32. Rb2 {[%clk 0:04:28]} Bg4 {[%clk 0:17:12]} 33. exd3
{[%clk 0:03:30]} exd3 {[%clk 0:17:22]} 34. Bd5+ {[%clk 0:03:29]} Kh8
{[%clk 0:17:04]} 35. f3 {[%clk 0:03:22]} Bh3 {[%clk 0:15:40]} 36. Qd1
{[%clk 0:02:39]} Qf6 {[%clk 0:14:36]} 37. Rf2 {[%clk 0:01:34]} Qc3
{[%clk 0:13:38]} 38. Be4 {[%clk 0:01:16]} Bf5 {[%clk 0:11:42]} 39. Rd2
{[%clk 0:00:34]} Qd4+ {[%clk 0:11:06]} 40. Kf1 {[%clk 0:00:49]} Bh3+
{[%clk 0:11:17]} 41. Rg2 {[%clk 0:00:59]} Bxg2+ {[%clk 0:11:26]} 42. Kxg2
{[%clk 0:01:25]} d2 {[%clk 0:11:39]} 43. Bg6 {[%clk 0:01:20]} Re1
{[%clk 0:10:48]} 44. Qb3 {[%clk 0:01:41]} d1=Q {[%clk 0:09:38]} 45. Qa3
{[%clk 0:01:31]} Qd6 {[%clk 0:09:23]} 0-1

[Event "PMPJ 2022 - C15"]
[Site "Jastrzebia Gora"]
[Date "2022.11.12"]
[Round "2.25"]
[White "Garwacki, Kornel"]
[Black "Klys, Kacper"]
[Result "1/2-1/2"]
[BlackElo "1406"]
[WhiteElo "1613"]
[LiveChessVersion "1.4.4"]

1. e4 {[%clk 1:30:59]} e6 {[%clk 1:30:59]} 2. Nc3 {[%clk 1:31:22]} d5
{[%clk 1:31:24]} 3. g3 {[%clk 1:31:50]} Nf6 {[%clk 1:31:43]} 4. Bg2
{[%clk 1:32:12]} b6 {[%clk 1:32:04]} 5. d3 {[%clk 1:31:24]} dxe4 {[%clk 1:32:32]}
6. Nxe4 {[%clk 1:31:24]} Nxe4 {[%clk 1:32:32]} 7. Bxe4 {[%clk 1:31:44]} c6
{[%clk 1:32:56]} 8. Ne2 {[%clk 1:30:29]} Qc7 {[%clk 1:29:21]} 9. Be3
{[%clk 1:26:18]} Bb7 {[%clk 1:26:59]} 10. Qd2 {[%clk 1:23:51]} Nd7
{[%clk 1:26:59]} 11. d4 {[%clk 1:22:43]} Nf6 {[%clk 1:23:57]} 12. Bg2
{[%clk 1:21:03]} c5 {[%clk 1:23:34]} 13. Bxb7 {[%clk 1:12:19]} Qxb7
{[%clk 1:24:03]} 14. O-O-O {[%clk 1:12:05]} Nd5 {[%clk 1:18:40]} 15. Nf4
{[%clk 1:09:29]} Nxf4 {[%clk 0:48:53]} 16. Bxf4 {[%clk 1:09:26]} Rd8
{[%clk 0:49:22]} 17. c3 {[%clk 1:01:15]} cxd4 {[%clk 0:47:46]} 18. cxd4
{[%clk 0:52:04]} Bc5 {[%clk 0:39:06]} 19. Be5 {[%clk 0:42:43]} f6
{[%clk 0:29:07]} 20. Qe2 {[%clk 0:40:06]} Bd6 {[%clk 0:23:59]} 21. Bxd6
{[%clk 0:38:09]} Rxd6 {[%clk 0:24:21]} 22. Qh5+ {[%clk 0:36:03]} g6
{[%clk 0:18:36]} 23. Qg4 {[%clk 0:34:40]} Kf7 {[%clk 0:18:35]} 24. Kb1
{[%clk 0:34:16]} Rhd8 {[%clk 0:17:46]} 25. Rhe1 {[%clk 0:33:33]} h5
{[%clk 0:15:03]} 26. Qe2 {[%clk 0:27:31]} Qd5 {[%clk 0:14:03]} 27. Qe3
{[%clk 0:25:22]} Qf5+ {[%clk 0:10:14]} 28. Ka1 {[%clk 0:25:10]} Kg7
{[%clk 0:10:23]} 29. f4 {[%clk 0:24:32]} Rc8 {[%clk 0:09:58]} 30. Qa3
{[%clk 0:23:56]} Rd7 {[%clk 0:09:29]} 31. Rc1 {[%clk 0:22:25]} Rdc7
{[%clk 0:09:30]} 32. Rxc7+ {[%clk 0:22:43]} Rxc7 {[%clk 0:09:59]} 33. Qd6
{[%clk 0:22:42]} Qc2 {[%clk 0:08:41]} 34. a3 {[%clk 0:22:28]} Rf7
{[%clk 0:08:22]} 35. Qxe6 {[%clk 0:21:03]} Qxh2 {[%clk 0:08:42]} 36. Re3
{[%clk 0:20:27]} h4 {[%clk 0:07:21]} 37. gxh4 {[%clk 0:20:02]} Qxf4
{[%clk 0:07:49]} 38. Re4 {[%clk 0:20:01]} Qc7 {[%clk 0:07:31]} 39. Re1
{[%clk 0:19:11]} Qd7 {[%clk 0:06:59]} 40. Qe4 {[%clk 0:18:43]} Qd6
{[%clk 0:06:43]} 41. h5 {[%clk 0:17:42]} f5 {[%clk 0:05:56]} 42. Qg2
{[%clk 0:16:41]} f4 {[%clk 0:04:25]} 43. hxg6 {[%clk 0:16:01]} Qxg6
{[%clk 0:04:52]} 44. Qf2 {[%clk 0:16:04]} Qd6 {[%clk 0:04:49]} 45. Rg1+
{[%clk 0:15:55]} Kf8 {[%clk 0:04:40]} 46. Qf3 {[%clk 0:15:33]} Qxd4
{[%clk 0:04:06]} 47. Qa8+ {[%clk 0:15:21]} Ke7 {[%clk 0:04:35]} 48. Re1+
{[%clk 0:14:26]} Kf6 {[%clk 0:05:04]} 49. Qc6+ {[%clk 0:14:04]} Kg5
{[%clk 0:04:35]} 50. Qg2+ {[%clk 0:13:50]} Kf5 {[%clk 0:04:00]} 51. Qh3+
{[%clk 0:13:44]} Kg5 {[%clk 0:03:17]} 52. Qe6 {[%clk 0:13:12]} Rf6
{[%clk 0:01:08]} 53. Re5+ {[%clk 0:10:32]} Qxe5 {[%clk 0:00:59]} 54. Qxe5+
{[%clk 0:11:01]} Rf5 {[%clk 0:01:28]} 55. Qg7+ {[%clk 0:11:21]} Kh4
{[%clk 0:01:56]} 56. Qh7+ {[%clk 0:09:27]} Kg4 {[%clk 0:02:23]} 57. Qg6+
{[%clk 0:09:01]} Rg5 {[%clk 0:02:52]} 58. Qe6+ {[%clk 0:08:22]} Kg3
{[%clk 0:03:17]} 59. Qe7 {[%clk 0:07:56]} Rg4 {[%clk 0:03:33]} 60. Qe1+
{[%clk 0:06:38]} Kg2 {[%clk 0:03:41]} 61. Qe2+ {[%clk 0:06:45]} Kg3
{[%clk 0:04:05]} 62. Kb1 {[%clk 0:05:57]} f3 {[%clk 0:04:32]} 63. Qf1
{[%clk 0:06:11]} f2 {[%clk 0:04:25]} 64. Kc2 {[%clk 0:05:12]} Re4
{[%clk 0:04:48]} 65. Qd3+ {[%clk 0:03:40]} Kh2 {[%clk 0:05:17]} 66. Qf3
{[%clk 0:02:24]} Kg1 {[%clk 0:05:45]} 67. Qg3+ {[%clk 0:02:06]} Kf1
{[%clk 0:06:01]} 68. Kd2 {[%clk 0:01:18]} Re2+ {[%clk 0:06:24]} 69. Kd3
{[%clk 0:01:38]} Rxb2 {[%clk 0:06:43]} 70. Qh3+ {[%clk 0:01:34]} Kg1
{[%clk 0:06:43]} 71. Qg4+ {[%clk 0:01:44]} Kf1 {[%clk 0:05:53]} 72. Kc3
{[%clk 0:01:13]} Re2 {[%clk 0:06:09]} 73. Kb4 {[%clk 0:00:44]} Ke1
{[%clk 0:06:13]} 74. Qg3 {[%clk 0:01:05]} Kd1 {[%clk 0:06:26]} 75. Qh3
{[%clk 0:00:51]} Ke1 {[%clk 0:03:54]} 76. Qh4 {[%clk 0:01:15]} Kd1
{[%clk 0:03:46]} 77. Qh1+ {[%clk 0:01:08]} Re1 {[%clk 0:03:08]} 78. Qf3+
{[%clk 0:01:10]} Re2 {[%clk 0:03:36]} 79. Kb5 {[%clk 0:00:38]} Ke1
{[%clk 0:03:52]} 80. Qg3 {[%clk 0:01:04]} Kd1 {[%clk 0:04:10]} 81. Qf3
{[%clk 0:01:25]} Ke1 {[%clk 0:04:27]} 82. Qg3 {[%clk 0:01:52]} Kd1
{[%clk 0:04:42]} 83. Qf3 {[%clk 0:02:17]} Ke1 {[%clk 0:05:07]} 84. Qg3 1/2-1/2

[Event "PMPJ 2022 - C15"]
[Site "Jastrzebia Gora"]
[Date "2022.11.12"]
[Round "2.26"]
[White "Skrzypczak, Jan"]
[Black "Zmuda, Tomasz"]
[Result "1-0"]
[BlackElo "1373"]
[WhiteElo "1536"]
[LiveChessVersion "1.4.4"]

1. e4 c5 2. Nf3 Nc6 3. d4 cxd4 4. Nxd4 Nf6 5. Nc3 e5 6. Ndb5 d6 7. Bg5 a6 8. Na3
b5 9. Nd5 Be6 10. c4 Bxd5 11. exd5 Nd4 12. Bxf6 gxf6 13. cxb5 Bh6 14. Bd3 Qa5+
15. Kf1 Ke7 16. Nc2 Nxc2 17. Qxc2 Rac8 18. Qe2 axb5 19. Bxb5 Rc5 20. Bc6 Rb8 21.
g3 Rb4 22. Kg2 Rbc4 23. Rhe1 Rc2 24. Qg4 Qa7 25. Re2 R5c4 26. Qf3 Bc1 27. Rxc2
Rxc2 28. Qf5 Qd4 29. Qxc2 1-0

[Event "PMPJ 2022 - C15"]
[Site "Jastrzebia Gora"]
[Date "2022.11.12"]
[Round "2.27"]
[White "Bialy, Borys"]
[Black "Kozik, Maksymilian"]
[Result "0-1"]
[BlackElo "1341"]
[WhiteElo "1526"]
[LiveChessVersion "1.4.4"]

1. e4 {[%clk 1:30:57]} e5 {[%clk 1:30:55]} 2. Nf3 {[%clk 1:31:23]} Nf6
{[%clk 1:31:20]} 3. Nxe5 {[%clk 1:31:44]} d6 {[%clk 1:31:47]} 4. Nf3
{[%clk 1:31:48]} Nxe4 {[%clk 1:32:10]} 5. d4 {[%clk 1:32:04]} d5 {[%clk 1:32:27]}
6. Bd3 {[%clk 1:32:21]} Bd6 {[%clk 1:32:46]} 7. c4 {[%clk 1:30:03]} c6
{[%clk 1:33:09]} 8. O-O {[%clk 1:29:44]} Bg4 {[%clk 1:33:20]} 9. Re1
{[%clk 1:28:20]} f5 {[%clk 1:33:32]} 10. h3 {[%clk 1:19:12]} Bh5 {[%clk 1:33:44]}
11. cxd5 {[%clk 1:19:16]} cxd5 {[%clk 1:33:34]} 12. Be2 {[%clk 1:18:58]} O-O
{[%clk 1:33:25]} 13. Nc3 {[%clk 1:17:09]} Bb4 {[%clk 1:24:02]} 14. Qb3
{[%clk 1:12:41]} Nc6 {[%clk 1:21:27]} 15. Rd1 {[%clk 0:52:05]} Bxc3
{[%clk 1:16:48]} 16. bxc3 {[%clk 0:52:09]} Na5 {[%clk 1:16:54]} 17. Qb4
{[%clk 0:50:27]} Rc8 {[%clk 1:15:15]} 18. Bb2 {[%clk 0:46:05]} Nc4
{[%clk 1:13:18]} 19. Bxc4 {[%clk 0:43:10]} Rxc4 {[%clk 1:13:27]} 20. Qb3
{[%clk 0:42:21]} Bxf3 {[%clk 1:13:34]} 21. gxf3 {[%clk 0:42:30]} Qg5+
{[%clk 1:13:57]} 22. Kh2 {[%clk 0:41:02]} Qf4+ {[%clk 1:13:03]} 23. Kg2
{[%clk 0:40:45]} Qg5+ {[%clk 1:00:11]} 24. Kh2 {[%clk 0:41:05]} Nd2
{[%clk 1:00:09]} 25. Rxd2 {[%clk 0:37:04]} Qxd2 {[%clk 1:00:32]} 26. Kg2
{[%clk 0:37:25]} Qg5+ {[%clk 0:58:24]} 27. Kh2 {[%clk 0:37:09]} Qh4
{[%clk 0:57:39]} 28. Kg2 {[%clk 0:37:04]} Rf6 {[%clk 0:57:52]} 29. Qxb7
{[%clk 0:36:05]} Rg6+ {[%clk 0:57:47]} 30. Kf1 {[%clk 0:36:26]} Qxh3+
{[%clk 0:57:55]} 31. Ke2 {[%clk 0:36:32]} Re6+ {[%clk 0:58:15]} 32. Kd2
{[%clk 0:36:29]} Qxf3 {[%clk 0:56:08]} 0-1

[Event "PMPJ 2022 - C15"]
[Site "Jastrzebia Gora"]
[Date "2022.11.12"]
[Round "2.28"]
[White "Pachura, Mateusz"]
[Black "Jankowski, Franciszek"]
[Result "1/2-1/2"]
[BlackElo "1500"]
[WhiteElo "1269"]
[LiveChessVersion "1.4.4"]

1. e4 c5 2. Nf3 e6 3. d4 cxd4 4. Nxd4 Nf6 5. Bd3 Nc6 6. Nxc6 bxc6 7. O-O d5 8. e5
Nd7 9. f4 Bc5+ 10. Kh1 O-O 11. Nd2 Rb8 12. Nf3 f6 13. b3 Qb6 14. c4 Ba6 15. exf6
Nxf6 16. Qe2 Rbe8 17. Rb1 Bd6 18. cxd5 exd5 19. Qc2 Bxd3 20. Qxd3 Ne4 21. Nd4
Nf2+ 22. Rxf2 Re1+ 23. Rf1 Rxf1+ 24. Qxf1 Qxd4 25. Rb2 Bxf4 26. Rf2 Bd6 27. Rxf8+
Bxf8 28. Qe1 Qf6 29. Be3 Qe5 30. Qg1 a6 31. Bd4 Qe2 32. Qa1 c5 33. Bg1 d4 34. Qc1
h6 35. a4 Be7 36. b4 cxb4 37. Bxd4 Qe6 38. h3 b3 39. Kg1 Bf6 40. Bxf6 Qxf6 41.
Qc8+ Kh7 42. Qc1 Qd4+ 43. Kf1 Qxa4 44. Qb1+ Kg8 45. Qc1 Qb5+ 46. Kg1 Qb6+ 47. Kh1
Qe6 48. Qc7 Kh7 49. Qc3 h5 50. Qd3+ Kh6 51. Qd2+ Kg6 52. Qd3+ Kf6 53. Qf3+ Kg6
54. Qd3+ Kh6 55. Qd2+ Kh7 56. Qd3+ g6 57. Qc3 Qb6 58. Qf3 b2 59. Qf7+ Kh6 60.
Qf8+ Kh7 61. Qf7+ Kh8 62. Qf8+ Kh7 63. Qf7+ Kh6 64. Qf8+ Kh7 1/2-1/2

[Event "PMPJ 2022 - C15"]
[Site "Jastrzebia Gora"]
[Date "2022.11.12"]
[Round "2.29"]
[White "Skrzypinski, Jan"]
[Black "Obidzinski, Cezary"]
[Result "1-0"]
[BlackElo "1261"]
[WhiteElo "1490"]
[LiveChessVersion "1.4.4"]

1. e4 {[%clk 1:30:53]} e6 {[%clk 1:30:51]} 2. Qe2 {[%clk 1:31:12]} c5
{[%clk 1:30:59]} 3. Nf3 {[%clk 1:31:35]} Nc6 {[%clk 1:31:25]} 4. g3
{[%clk 1:32:01]} a6 {[%clk 1:31:47]} 5. Bg2 {[%clk 1:32:26]} b5 {[%clk 1:32:09]}
6. c3 {[%clk 1:32:50]} Bb7 {[%clk 1:32:26]} 7. O-O {[%clk 1:33:12]} d6
{[%clk 1:31:40]} 8. d3 {[%clk 1:33:28]} Be7 {[%clk 1:31:53]} 9. Be3
{[%clk 1:32:56]} Nf6 {[%clk 1:32:11]} 10. Nh4 {[%clk 1:31:45]} Nd7
{[%clk 1:25:09]} 11. Nf3 {[%clk 1:31:06]} O-O {[%clk 1:21:50]} 12. Ne1
{[%clk 1:31:12]} Qc7 {[%clk 1:16:03]} 13. f4 {[%clk 1:31:12]} Nf6
{[%clk 1:15:02]} 14. Nd2 {[%clk 1:31:22]} d5 {[%clk 1:12:29]} 15. e5
{[%clk 1:31:46]} Nd7 {[%clk 1:12:53]} 16. g4 {[%clk 1:31:04]} d4 {[%clk 1:10:44]}
17. Bf2 {[%clk 1:30:29]} Nb6 {[%clk 1:06:15]} 18. Be4 {[%clk 1:25:09]} dxc3
{[%clk 0:55:56]} 19. bxc3 {[%clk 1:23:32]} Nd5 {[%clk 0:55:53]} 20. Bxd5
{[%clk 1:22:13]} exd5 {[%clk 0:56:01]} 21. d4 {[%clk 1:22:13]} cxd4
{[%clk 0:47:28]} 22. cxd4 {[%clk 1:22:38]} f6 {[%clk 0:46:19]} 23. Be3
{[%clk 1:21:57]} fxe5 {[%clk 0:44:47]} 24. fxe5 {[%clk 1:22:19]} Rxf1+
{[%clk 0:40:22]} 25. Nxf1 {[%clk 1:22:10]} Rf8 {[%clk 0:35:02]} 26. Ng3
{[%clk 1:21:58]} Bc8 {[%clk 0:33:20]} 27. Rc1 {[%clk 1:20:52]} Qd7
{[%clk 0:30:22]} 28. Nf5 {[%clk 1:20:54]} Ba3 {[%clk 0:26:30]} 29. Rc2
{[%clk 1:20:27]} Ne7 {[%clk 0:25:19]} 30. Nxe7+ {[%clk 1:15:59]} Bxe7
{[%clk 0:24:59]} 31. Ng2 {[%clk 1:14:15]} Qxg4 {[%clk 0:20:42]} 32. Qxg4
{[%clk 1:14:41]} Bxg4 {[%clk 0:21:03]} 33. Nf4 {[%clk 1:14:49]} Bf3
{[%clk 0:18:18]} 34. Rc7 {[%clk 1:13:07]} Bg5 {[%clk 0:15:17]} 35. Nxd5
{[%clk 1:12:44]} Bxe3+ {[%clk 0:08:03]} 36. Nxe3 {[%clk 1:13:05]} Re8
{[%clk 0:07:02]} 37. Kf2 {[%clk 1:13:16]} Be4 {[%clk 0:07:06]} 38. Kg3
{[%clk 1:13:06]} Rf8 {[%clk 0:06:37]} 39. d5 {[%clk 0:58:32]} Rf3+
{[%clk 0:04:05]} 40. Kg4 {[%clk 0:58:54]} h5+ {[%clk 0:03:55]} 41. Kg5
{[%clk 0:59:04]} Rxe3 {[%clk 0:04:25]} 42. Kf4 {[%clk 0:59:28]} Re1
{[%clk 0:04:40]} 43. d6 {[%clk 0:59:46]} Bg6 {[%clk 0:01:21]} 44. d7
{[%clk 0:59:10]} Re4+ {[%clk 0:00:53]} 45. Kf3 {[%clk 0:59:27]} Rd4
{[%clk 0:00:52]} 46. Rc8+ {[%clk 0:59:43]} Kf7 {[%clk 0:01:17]} 47. d8=Q
{[%clk 1:00:08]} Rxd8 {[%clk 0:01:43]} 48. Rxd8 {[%clk 1:00:33]} Bb1
{[%clk 0:01:26]} 49. a3 {[%clk 1:00:52]} a5 {[%clk 0:01:42]} 50. Rb8
{[%clk 1:01:06]} Bd3 {[%clk 0:01:30]} 51. Ke3 {[%clk 1:01:03]} Bc4
{[%clk 0:02:21]} 52. Kd4 {[%clk 1:00:56]} g5 {[%clk 0:00:40]} 53. a4
{[%clk 1:01:22]} Bf1 {[%clk 0:00:40]} 54. axb5 {[%clk 1:01:45]} h4
{[%clk 0:00:52]} 55. b6 {[%clk 1:02:08]} Ke7 {[%clk 0:00:46]} 56. Re8+
{[%clk 1:02:30]} Kxe8 {[%clk 0:00:57]} 57. b7 1-0

[Event "PMPJ 2022 - C15"]
[Site "Jastrzebia Gora"]
[Date "2022.11.12"]
[Round "2.30"]
[White "Pozoga, Adam"]
[Black "Bartnik, Michal"]
[Result "1-0"]
[BlackElo "1480"]
[WhiteElo "1229"]
[LiveChessVersion "1.4.4"]

1. c4 Nf6 2. Nc3 g6 3. g3 Bg7 4. Bg2 O-O 5. d3 d6 6. e4 e5 7. Nge2 Ne8 8. O-O c5
9. f4 Nc6 10. f5 h6 11. g4 Kh7 12. Nd5 g5 13. Nec3 Nd4 14. Kf2 Bd7 15. a4 Bc6 16.
Rh1 Bxd5 17. Nxd5 Nc7 18. h4 Nxd5 19. exd5 gxh4 20. g5 hxg5 21. Qh5+ Kg8 22. Bxg5
f6 23. Bh6 Bxh6 24. Qxh6 Nxf5 25. Qg6+ Ng7 26. Rxh4 f5 27. Rah1 Qxh4+ 28. Rxh4
Rad8 29. Bf3 Rf7 30. Qh6 Kf8 31. Bh5 Ke7 32. Bxf7 Kxf7 33. Qg5 1-0

[Event "PMPJ 2022 - C15"]
[Site "Jastrzebia Gora"]
[Date "2022.11.12"]
[Round "2.31"]
[White "Przedlacki, Wiktor"]
[Black "Dechnik, Marcel"]
[Result "1-0"]
[BlackElo "1238"]
[WhiteElo "1474"]
[LiveChessVersion "1.4.4"]

1. e4 e5 2. Nf3 Nc6 3. d4 exd4 4. Nxd4 Bc5 5. Nb3 Bb6 6. Nc3 Nf6 7. Qe2 d6 8. Bg5
Nd4 9. Qd2 Nxb3 10. axb3 h6 11. Bf4 O-O 12. O-O-O Be6 13. f3 Nd7 14. g4 Nc5 15.
Kb1 a5 16. Na4 Nxa4 17. bxa4 Bd7 18. h4 Bxa4 19. Bxh6 Qf6 20. Bf4 Bc5 21. g5 Qe6
22. h5 b5 23. g6 b4 24. h6 Bxc2+ 25. Qxc2 a4 26. gxf7+ Rxf7 27. Bc4 Qf6 28. Qg2
g6 29. Qg5 Qxg5 30. Bxg5 a3 31. Bxf7+ Kxf7 32. h7 axb2 33. h8=Q 1-0

[Event "PMPJ 2022 - C15"]
[Site "Jastrzebia Gora"]
[Date "2022.11.12"]
[Round "2.32"]
[White "Borowik, Karol"]
[Black "Magrel, Wiktor"]
[Result "1-0"]
[BlackElo "1170"]
[WhiteElo "1451"]
[LiveChessVersion "1.4.4"]

1. d4 Nf6 2. Nf3 e6 3. c4 d5 4. Nc3 Bb4 5. e3 O-O 6. a3 Bxc3+ 7. bxc3 Nbd7 8. Qc2
b6 9. cxd5 exd5 10. Bd3 Re8 11. O-O a5 12. Bb2 Ba6 13. Bxa6 Rxa6 14. c4 c6 15.
Ne5 Nxe5 16. dxe5 Nd7 17. cxd5 cxd5 18. Qd3 Nc5 19. Qb5 Re6 20. Rad1 Ra7 21. Rd2
Rd7 22. Rfd1 Rh6 23. Rxd5 Rxd5 24. Rxd5 Qe7 25. Rd1 Rg6 26. Bd4 h6 27. Bxc5 bxc5
28. Qxa5 Qxe5 29. Rc1 Qd5 30. g3 Rg5 31. Qc3 Qf3 32. Qc2 h5 33. Qd1 Qf6 34. Qc2
h4 35. Rd1 h3 36. f4 Rf5 37. Qd3 Qc6 38. Qd8+ Kh7 39. Qh4+ Qh6 40. Qxh6+ Kxh6 41.
g4 1-0